Mohamed Elzagheid Water Chemistry, Analysis and Treatment: pollutants, microbial contaminants, water and wastewater treatment (Record no. 9631)

MARC details
000 -LEADER
fixed length control field 00676nam a22002177a 4500
003 - CONTROL NUMBER IDENTIFIER
control field OSt
005 - DATE AND TIME OF LATEST TRANSACTION
control field 20260416174312.0
008 - FIXED-LENGTH DATA ELEMENTS--GENERAL INFORMATION
fixed length control field 260416b |||||||| |||| 00| 0 eng d
020 ## - INTERNATIONAL STANDARD BOOK NUMBER
International Standard Book Number 9783111332420
040 ## - CATALOGING SOURCE
Transcribing agency DDC
082 ## - DEWEY DECIMAL CLASSIFICATION NUMBER
Classification number 546.22 GRU 2024
100 ## - MAIN ENTRY--PERSONAL NAME
Personal name Gruyter, DE
9 (RLIN) 19580
245 ## - TITLE STATEMENT
Title Mohamed Elzagheid Water Chemistry, Analysis and Treatment: pollutants, microbial contaminants, water and wastewater treatment
260 ## - PUBLICATION, DISTRIBUTION, ETC. (IMPRINT)
Place of publication, distribution, etc. Berlin; FSC, 2024
300 ## - PHYSICAL DESCRIPTION
Extent xvii,131p.; Col.ill: 24cm
504 ## - BIBLIOGRAPHY, ETC. NOTE
Bibliography, etc References, & index included
650 ## - SUBJECT ADDED ENTRY--TOPICAL TERM
Topical term or geographic name as entry element Water chemistry
9 (RLIN) 12924
650 ## - SUBJECT ADDED ENTRY--TOPICAL TERM
Topical term or geographic name as entry element Water treatment
9 (RLIN) 19581
650 ## - SUBJECT ADDED ENTRY--TOPICAL TERM
Topical term or geographic name as entry element Water pollutants
9 (RLIN) 19582
942 ## - ADDED ENTRY ELEMENTS (KOHA)
Source of classification or shelving scheme Other/Generic Classification Scheme
Koha item type Open Shelf
Holdings
Withdrawn status Lost status Source of classification or shelving scheme Damaged status Not for loan Home library Current library Date acquired Source of acquisition Inventory number Total Checkouts Full call number Barcode Date last seen Koha item type
    Dewey Decimal Classification     MUST Main Library MUST Main Library 16/04/2026 purchase 26/42562   546.22 GRU 2024 2026-0124 16/04/2026 Open Shelf
    Dewey Decimal Classification     MUST Main Library MUST Main Library 16/04/2026 purchase 26/42563   546.22 GRU 2024 2026-0125 16/04/2026 Open Shelf